| 000 | 00540nam a2200169 a 4500 | ||
|---|---|---|---|
| 001 | 000030311 | ||
| 005 | 20200930060224.0 | ||
| 008 | 110509s1977 dr 001 0 spa d | ||
| 040 |
_aDO-SdBNP _bspa _cBNPHU |
||
| 082 |
_axxxx _bG315s |
||
| 100 | 1 |
_aGoico Castro, Manuel de Jesús _923255 |
|
| 245 | 1 | 0 |
_aSantana y sus apologistas / _cManuel de Jesús Goico Castro. |
| 260 |
_aSanto Domingo : _fCompostela, _c1977. |
||
| 300 |
_a67 p. ; _c16 cm. |
||
| 500 | _aIncluye índice de personas, lugares y materias | ||
| 590 | _aInventariado, 2019/BT | ||
| 999 |
_c29803 _d29803 |
||